Danse avec les Stars - Couples formés dans l'émission - Statistiques

Statistiques générales
  • Ce quiz a été pris 16 fois
    14 depuis la dernière actualisation
  • Le résultat moyen est 11 sur 14
Statistiques - réponses
Hint Réponse % Correct
Saison 4 x Alizée
92%
Saison 11 x Elsa Bois
92%
Saison 13 x Elsa Bois
92%
Saison 11 x Michou
92%
Saison 5 x Denitsa Ikonomova
83%
Juges x Denitsa Ikonomova
83%
Saison 13 x Florent Manaudou
83%
Juges x François Alu
83%
Saison 9 x Anthony Colette
75%
Saison 4 x Grégoire Lyonnet
75%
Saison 9 x Iris Mittenaere
75%
Saison 5 x Rayane Bensetti
67%
Saison 8 x Camille Lacourt
33%
Saison 8 x Hajiba Fahmi
25%
Aucun quiz correspondant
Distribution des résultats
% des personnes avec chaque résultat
Percentile par nombre de réponses
Votre historique - résultats
Vous n’avez pas pris ce quiz depuis la dernière actualisation